Historia crítica de las negociaciones con Roma desde la muerte del Rey D. Fernando VII / (Record no. 42302)

MARC details
000 -LEADER
campo de control de longitud fija 00521nam a2200157 i 4500
001 - NÚMERO DE CONTROL
campo de control 42302
003 - IDENTIFICADOR DE NÚMERO DE CONTROL
campo de control ES-MaACL
005 - FECHA Y HORA DE LA ÚLTIMA TRANSACCIÓN
campo de control 20230906160602.0
007 - CAMPO FIJO DE DESCRIPCIÓN FÍSICA--INFORMACIÓN GENERAL
campo de control de longitud fija t|
008 - DATOS DE LONGITUD FIJA--INFORMACIÓN GENERAL
campo de control de longitud fija 030313s1859 sp ||||1| spa d
100 1# - ENTRADA PRINCIPAL--NOMBRE DE PERSONA
Nombre de persona Castillo y Ayensa, José del.
9 (RLIN) 36774
245 10 - MENCIÓN DEL TÍTULO
Título Historia crítica de las negociaciones con Roma desde la muerte del Rey D. Fernando VII /
Mención de responsabilidad, etc. escrita por José del Castillo y Ayensa.
260 ## - PUBLICACIÓN, DISTRIBUCIÓN, ETC.
Lugar de publicación, distribución, etc. Madrid :
Nombre del editor, distribuidor, etc. [s.n.,
Fecha de publicación, distribución, etc. 1859] (
Fabricante Imp. de Tejado)
300 ## - DESCRIPCIÓN FÍSICA
Extensión 2 v. ;
Dimensiones 24 cm.
852 ## - LOCALIZACIÓN
Ubicación ES-MaACL
Número de control de estantería G-9571-2
Holdings
Estatus retirado Estado de pérdida Estado de daño No para préstamo Colección Biblioteca de origen Biblioteca actual Ubicación en estantería Fecha de adquisición Fuente de adquisición Total de préstamos Signatura topográfica completa Código de barras Visto por última vez Precio de reemplazo Tipo de ítem Koha
        Libros del s. XIX Biblioteca del Ateneo de Madrid Biblioteca del Ateneo de Madrid Sala Pecera Planta 3 17/01/2008     G-9571-2 1044518 23/02/2023 23/02/2023 Libro impreso antiguo